Families as relationships /

Bibliographic Details
Other Authors: Milardo, Robert M., Duck, Steve
Format: Book
Language:English
Published: Chichester ; New York : Wiley, [2000]
Subjects:

MARC

Tag First Indicator Second Indicator Subfields
LEADER 00000pam a22000004a 4500
001 in00001563421
005 20151022073438.0
008 000110s2000 enk b 001 0 eng
010 |a  00021190  
020 |a 0471491527 (pbk. : alk. paper) 
035 |a (OCoLC)ocm43328921 
040 |a DLC  |c DLC  |d TXA  |d UtOrBLW 
042 |a pcc 
049 |a TXAM 
050 0 0 |a HQ518  |b .F2969 2000 
082 0 0 |a 306.85  |2 21 
245 0 0 |a Families as relationships /  |c edited by Robert M. Milardo and Steve Duck. 
264 1 |a Chichester ;  |a New York :  |b Wiley,  |c [2000] 
264 4 |c ©2000 
300 |a xvi, 245 pages ;  |c 25 cm. 
336 |a text  |b txt  |2 rdacontent 
337 |a unmediated  |b n  |2 rdamedia 
338 |a volume  |b nc  |2 rdacarrier 
504 |a Includes bibliographical references (pages [191]-229) and indexes. 
650 0 |a Families. 
650 0 |a Families  |x Study and teaching. 
650 0 |a Interpersonal relations. 
700 1 |a Milardo, Robert M. 
700 1 |a Duck, Steve. 
994 |a E0  |b TXA 
948 |a cataloged  |b h  |c 2000/10/3  |d c  |e ceaton  |f 3:03:19 pm 
999 |a MARS 
999 f f |s 49f2419b-2fdd-36e0-9a98-26d862d49b09  |i 2c0c2ff6-d60f-36a2-aace-4978561f9c76  |t 0 
952 f f |p ric  |a Texas A&M University  |b Rellis Campus  |c Joint Library Facility  |d Remote Storage  |t 0  |e HQ518 .F2969 2000  |h Library of Congress classification  |i unmediated -- volume  |m A14826737290 
998 f f |a HQ518 .F2969 2000  |t 0  |l Remote Storage